000 00612nam a2200241 a 4500
001 nice12345678
003 IN_TiNIC
005 20260116014219.0
008 050524s2002 boma grp 000 0 eng
020 _a8179919
_c350
082 0 0 _a324.245408
_bZAK
100 _aZakaria, Rafiq
245 _aCommunal Rage in Secular India
260 _aBombay
_bPopular Prakashan
_c2002
300 _a248p
500 _aincludes index and biblioraphy
505 2 _aIndex, Quranic Verses
650 _aCommunalism-India
700 1 _aZakaria, Rafiq
902 _bSRS
942 _cBK
999 _c14353
_d14353